00419nam a2200121Ia 4500008004100000041001200041082001100053100000600064245016200070260004900232300000800281650000800289221030s9999 xx 000 0 und d aEnglish a105.23 a- 0aRevised Scheme & Courses Of Study For B.E. In Electronics & Communication Engineering Of The University Of Kashmir SrinagarbB.E. III To VIII Semesterscby - bRegional Engineering CollegeaSrinagarc2003 a113 aECE